000 00765nam a2200229 a 4500
005 20220902063524.0
008 030926s1998 mx r 000 0 spa d
020 _a0415147298
035 _aUPN01000129251
049 _aCG
050 4 _aBF723 C5
_bH6.3
100 1 _aHowe, Cristine J.
245 1 0 _aConceptual structure in childhood and adolescence :
_bthe case of everyday physics /
_cCristine J. Howe.
260 _aLondon :
_bRoutledge,
_c1998.
300 _a232 p.
440 0 _aInternational library of psychology
650 2 _aCognición en niños
_94094
650 4 _aCOGNICION EN LA ADOLESCENCIA
_99495
650 4 _aFísica
_xEstudio y enseñanza (Elemental)
_913642
650 4 _aFísica
_xEstudio y enseñanza (Secundaria)
_98873
905 _aLibro
999 _c101424
_d101424